Subsidios para um diccionario de pseudonymos iniciales e obras anonymas de escritores portuguezes (Record no. 54356)

MARC details
000 -LEADER
campo de control de longitud fija 00794nam a22001935i 4500
001 - NÚMERO DE CONTROL
campo de control 54356
003 - IDENTIFICADOR DE NÚMERO DE CONTROL
campo de control ES-MaACL
005 - FECHA Y HORA DE LA ÚLTIMA TRANSACCIÓN
campo de control 20240426103823.0
007 - CAMPO FIJO DE DESCRIPCIÓN FÍSICA--INFORMACIÓN GENERAL
campo de control de longitud fija t|
008 - DATOS DE LONGITUD FIJA--INFORMACIÓN GENERAL
campo de control de longitud fija 960718s1896 po ||||1| por d
040 ## - FUENTE DE CATALOGACIÓN
Centro catalogador/agencia de origen CAM
Lengua de catalogación spa
Centro/agencia transcriptor CAM
100 1# - ENTRADA PRINCIPAL--NOMBRE DE PERSONA
Nombre de persona Fonseca, Martinho Augusto da.
9 (RLIN) 51525
245 10 - MENCIÓN DEL TÍTULO
Título Subsidios para um diccionario de pseudonymos iniciales e obras anonymas de escritores portuguezes
Resto del título : contribuicao para o estudio da litteratura portugueza /
Mención de responsabilidad, etc. por Martinho Augusto da Fonseca; com poucas palavras sevindo de prologo pelo academico Theophilo Braga.
260 ## - PUBLICACIÓN, DISTRIBUCIÓN, ETC.
Lugar de publicación, distribución, etc. Lisboa :
Nombre del editor, distribuidor, etc. Typographia da Academia Real das Sciencias,
Fecha de publicación, distribución, etc. 1896.
300 ## - DESCRIPCIÓN FÍSICA
Extensión XII, 298, [1] p. ;
Dimensiones 22 cm.
700 1# - ENTRADA AGREGADA--NOMBRE PERSONAL
Nombre de persona Braga, Teófilo,
Fechas asociadas al nombre 1843-1924
9 (RLIN) 31276
852 ## - LOCALIZACIÓN
Ubicación ES-MaACL
Número de control de estantería B-3585
Holdings
Estatus retirado Estado de pérdida Estado de daño No para préstamo Colección Biblioteca de origen Biblioteca actual Ubicación en estantería Fecha de adquisición Fuente de adquisición Total de préstamos Signatura topográfica completa Código de barras Visto por última vez Precio de reemplazo Tipo de ítem Koha
        Colección de referencia Biblioteca del Ateneo de Madrid Biblioteca del Ateneo de Madrid Sala Pardo Bazán 17/01/2008     B-3585 1057119 23/02/2023 23/02/2023 Libro impreso antiguo